| 000 | 01382cad a22001935a 4500 | ||
|---|---|---|---|
| 001 | L154377 | ||
| 008 | 111122s2011 xxk f 000 0 eng d | ||
| 035 | _a(Sirsi) u154377 | ||
| 041 | 0 | _aeng | |
| 110 | 2 |
_aUnited Kingdom _bDepartment for Environment, Food and Rural Affairs |
|
| 245 | 0 | 0 |
_aFarming and forestry improvement scheme (FFIS) _bapplicant handbook, round one _h[electronic resource] |
| 260 |
_a[S.l.] _bDEFRA _c2011 |
||
| 520 | _aFarm and Forestry Improvement Scheme (FFIS) aims to help farmers, foresters and horticultural businesses in England to increase profits and reduce their impact on the environment. Horticulturalists, woodland owners, farmers, foresters and contractors across England are eligible to apply for grants to invest in green projects and new machinery so their business can grow in an environmentally friendly way. To qualify for funding the projects must fall within one of the following key areas of activity; nutrient management, energy efficiency, water resource management, forestry and animal health and welfare. The 1st round of the scheme is open from 16 November 2011 until 17 January 2012. | ||
| 590 | _aKA | ||
| 651 | 4 |
_aEngland _y886- |
|
| 690 |
_aEnvironment _96238 |
||
| 856 | 4 | 0 |
_uhttps://www.defra.gov.uk/publications/files/PB13678-rdpe-ffis-applicanthandbook.pdf _zView the handbook free of charge at www.defra.gov.uk |
| 942 | _n0 | ||
| 999 |
_c112958 _d112958 |
||